000 00603nam a22002177a 4500
003 BUBTL
008 210922b ||||| |||| 00| 0 eng d
020 _a978-81-908613-0-4
082 _a364 / P2127c / 2009
100 _aParanjape, N. V.
_94201
245 _aCriminology and Penology
_cN. V. Paranjape
250 _a14th
260 _aAllahabad
_bCentral Law Publications
_cc2009
300 _a[xxxii] , 760 p . :
_c21 cm.
521 _aIncludes Index.
650 0 _926
_aLaw
700 _aN. V. Paranjape
856 _k0
_l0
_yDownload
942 _2ddc
_cBK
999 _c6531
_d6531